000 01314nam a2200169 4500
999 _c11832
_d11832
005 20230824170854.0
008 220907b xxu||||| |||| 00| 0 eng d
020 _a9789384204129
040 _cBMSCA
041 _aENG
082 _2DDC23
_a720.68
_bCOA
245 _aManual of architectural practice
_b: Guidelines for architectural contracts (Vol 3)
260 _aNew Delhi
_bCouncil of Architecture
_c2022
300 _a246p.
_bHard Bound
_c28.5*21 cm
520 _aThe Manual of Architectural Practice (MAP) is a five-volume publication. Each Volume presents both: detailed explanatory discussions on a particular aspect of Architectural Practice, as well as provide quick-reference Templates and Exhibits for the actual use of each Reader.
_bHaving selected an Architect, Volume THREE: Guidelines for Architectural Contracts goes on to present definitions and descriptions of various Contracts for Professional Services that are required to be entered into by the architect with a client. The Volume presents Contracts for three scales and complexities of projects Concise, Standard and Comprehensive, covering the widest range of professional works being assigned. More such templates will be added over time for a range of typical projects & services that architects are being asked to provide.
942 _2ddc